Strategic Brand Management (Record no. 3009)

MARC details
000 -LEADER
fixed length control field 00334nam a22001337a 4500
008 - FIXED-LENGTH DATA ELEMENTS--GENERAL INFORMATION
fixed length control field 250415b |||||||| |||| 00| 0 eng d
020 ## - INTERNATIONAL STANDARD BOOK NUMBER
ISBN 9788131756898
100 ## - MAIN ENTRY--AUTHOR
Author KELLER, L. Kevin
245 ## - TITLE STATEMENT
Title Strategic Brand Management
260 ## - PUBLICATION, DISTRIBUTION, ETC. (IMPRINT)
Place of publication India
Name of publisher Pearson Education
Date of publication 2011
300 ## - COLLATION
Pagination xxiii, 695p.
942 ## - ADDED ENTRY ELEMENTS (KOHA)
Item type Books
050 ## - LIBRARY OF CONGRESS CALL NUMBER
Classification number HD69
Item number .K45
Holdings
Source of classification or shelving scheme Not for loan Permanent location Current location Date acquired Accession No. Full call number Barcode. Koha item type
Library of Congress Classification   Samuel Ogbemudia Main Library, University of Abuja Samuel Ogbemudia Main Library, University of Abuja 04/15/2025 2014-44182 HD69.K45 2025-1395 Books
Library of Congress Classification   Samuel Ogbemudia Main Library, University of Abuja Samuel Ogbemudia Main Library, University of Abuja 04/15/2025 2014-44182 HD69.K45 2025-1396 Books
Library of Congress Classification   Samuel Ogbemudia Main Library, University of Abuja Samuel Ogbemudia Main Library, University of Abuja 04/15/2025 2014-44182 HD69.K45 2025-1397 Books
Library of Congress Classification   Samuel Ogbemudia Main Library, University of Abuja Samuel Ogbemudia Main Library, University of Abuja 04/15/2025 2014-44182 HD69.K45 2025-1398 Books